NPB 日本プロ野球 首位打者受賞者 - Statistics

General Stats
  • This quiz has been taken 902 times
    275 since last reset
  • The average score is 45 of 108
Answer Stats
氏名 % Correct
1994, 1995, 1996, 1997, 1998, 1999, 2000 イチロー
92%
2024 近藤健介
91%
2015, 2018 柳田悠岐
88%
2017, 2023 宮﨑敏郎
88%
2022 村上宗隆
87%
2025 小園海斗
87%
2025 牧原大成
86%
2019, 2021 鈴木誠也
85%
2020, 2021 吉田正尚
85%
2016 坂本勇人
84%
2017 秋山翔吾
83%
2022 松本剛
82%
2024 タイラー・オースティン
81%
1997, 1998 鈴木尚典
79%
2023 頓宮裕真
78%
2019 森友哉
77%
2008, 2011 内川聖一
76%
1981, 1982, 1983, 1985, 1986 落合博満
75%
2020 佐野恵太
75%
1968, 1969, 1970, 1973, 1974 王貞治
74%
1959, 1960, 1961, 1963, 1966, 1971 長嶋茂雄
71%
1985, 1986 ランディ・バース
71%
2005, 2007, 2010 青木宣親
71%
2018 ダヤン・ビシエド
71%
2012, 2016 角中勝也
69%
2014 マット・マートン
69%
2015 川端慎吾
68%
2004, 2006 松中信彦
65%
2002, 2003 小笠原道大
64%
2001 松井秀喜
62%
1965 野村克也
61%
1999 ロバート・ローズ
61%
2009 アレックス・ラミレス
61%
2012 阿部慎之助
60%
2002, 2006 福留孝介
57%
2010 西岡剛
57%
1961, 1967, 1968, 1969, 1970, 1972, 1974 張本勲
55%
2009 鉄平
55%
2011 長野久義
55%
2014 糸井嘉男
55%
1939, 1941, 1951, 1953, 1955 川上哲治
54%
2007 稲葉篤紀
53%
2001 福浦和也
52%
2013 長谷川勇也
51%
1991 古田敦也
49%
2013 トニ・ブランコ
49%
2005 和田一浩
48%
1975 山本浩二
47%
1989 ウォーレン・クロマティ
47%
2000 金城龍彦
47%
1950 藤村富美男
45%
2008 リック・ショート
45%
2003 今岡誠
44%
1967 中暁生
43%
1984, 1989 ブーマー・ウェルズ
41%
1987 新井宏昌
37%
1994, 1995, 1996 アロンゾ・パウエル
33%
2004 嶋重宣
33%
1938春, 1938秋 中島治康
32%
1980 レロン・リー
31%
1972, 1977 若松勉
30%
1993 トーマス・オマリー
30%
1984, 1987 篠塚利夫
28%
1949 小鶴誠
27%
1987, 1988 正田耕三
27%
1978 佐々木恭介
25%
1992 佐々木誠
25%
1993 辻発彦
25%
1992 ジャック・ハウエル
24%
1983 真弓明信
23%
1955, 1958 中西太
21%
1981 藤田平
21%
1973, 1979 加藤秀司
20%
1976, 1980 谷沢健一
20%
1957 山内和弘
19%
1990 西村徳文
19%
1947, 1950、1951 大下弘
18%
1964 広瀬叔功
18%
1991 平井光親
18%
1964, 1965, 1971 江藤慎一
16%
1960, 1966 榎本喜八
15%
1954, 1956, 1957 与那嶺要
14%
1988 高沢秀昭
14%
1953 岡本伊三美
13%
1977 有藤道世
13%
1956 豊田泰光
11%
1948 青田昇
10%
1990 ジム・パチョレック
10%
1982 長崎啓二
9%
1937秋 景浦將
8%
1962, 1963 ジャック・ブルームフィールド
8%
1975 白仁天
8%
1976 吉岡悟
8%
1978 水谷実雄
8%
1942, 1943 呉昌征
7%
1952 西澤道夫
7%
1946 金田正泰
6%
1979 フェリックス・ミヤーン
6%
1954 ラリー・レインズ
5%
1936秋 中根之
4%
1962 森永勝治
4%
1940 鬼頭数雄
3%
1944 岡村俊昭
3%
1969 永淵洋三
3%
1937春 松木謙治郎
2%
1958 田宮謙次郎
2%
1959 杉山光平
2%
1952 飯島滋弥
1%
No matching quizzes found
Score Distribution
Percent of People with Each Score
Percentile by Number Answered
Your Score History
You have not taken this quiz since the last reset